Central Library OPAC University of Rajshahi

Banking and Theory and Practice : (Record no. 58889)

MARC details
000 -LEADER
fixed length control field 00687nam a2200241 a 4500
001 - CONTROL NUMBER
control field 58889
003 - CONTROL NUMBER IDENTIFIER
rucl marc code BD-RjUL
005 - DATE AND TIME OF LATEST TRANSACTION
control field 20211209080652.0
008 - FIXED-LENGTH DATA ELEMENTS--GENERAL INFORMATION
fixed length control field 161220s1982 ii ||||| |||| 001 0 eng d
020 ## - INTERNATIONAL STANDARD BOOK NUMBER
International Standard Book Number 0706914155
035 ## - SYSTEM CONTROL NUMBER
System control number (BD-RjUL)59013
040 ## - CATALOGING SOURCE
Original cataloging agency BD-RjUL
Language of cataloging eng
Transcribing agency BD-RjUL
041 ## - LANGUAGE CODE
Language code of text/sound track or separate title eng
082 ## - DEWEY DECIMAL CLASSIFICATION NUMBER
Edition number 23
Classification number 332.1
Author mark and year SHB 1982
100 ## - MAIN ENTRY--PERSONAL NAME
Personal name Shekhar, K. C.
9 (RLIN) 175123
245 ## - TITLE STATEMENT
Title Banking and Theory and Practice :
Remainder of title law and foreign exchange /
Statement of responsibility, etc. K.C. Shekhar
250 ## - EDITION STATEMENT
Edition statement 7th rev. ed.
260 ## - PUBLICATION, DISTRIBUTION, ETC. (IMPRINT)
Place of publication, distribution, etc. New Delhi :
Name of publisher, distributor, etc. Vikas Publishing House,
Date of publication, distribution, etc. 1982.
300 ## - PHYSICAL DESCRIPTION
Pagination xvii, 800 p. ;
Size 22 cm.
500 ## - GENERAL NOTE
General note Includes index
650 ## - SUBJECT ADDED ENTRY--TOPICAL TERM
Topical term or geographic name as entry element Banks and Bankings
9 (RLIN) 175124
942 ## - ADDED ENTRY ELEMENTS (KOHA)
Source of classification or shelving scheme Dewey Decimal Classification
Koha item type Books
Holdings
Lost status Source of classification or shelving scheme Damaged status Not for loan Collection code Permanent Location Current Location Shelving location Date acquired Source of acquisition Cost, normal purchase price Total Checkouts Full call number Date last seen Copy number Koha item type
  Dewey Decimal Classification   Not For Loan Non-fiction Central Library, University of Rajshahi Central Library, University of Rajshahi Reading Room 26/07/1982 Aligor Library Rajshahi 97.50   332.1 SHB 1982 20/12/2016 C-1 Books